Countries Beginning With Vowel And Ending In Consonant - Statistics

General Stats
  • This quiz has been taken 78 times
    39 since last reset
  • The average score is 16 of 17
Answer Stats
Answer % Correct
Iran
97%
Iraq
97%
Israel
97%
Oman
97%
United Kingdom
97%
Azerbaijan
94%
United Arab Emirates
94%
Afghanistan
91%
Ecuador
91%
Egypt
91%
Ireland
91%
Uzbekistan
91%
El Salvador
89%
Iceland
89%
Italy
89%
Uruguay
89%
East Timor
86%
No matching quizzes found
Score Distribution
Percent of People with Each Score
Percentile by Number Answered
Your Score History
You have not taken this quiz since the last reset